000
00245nam a2200097Ia 4500
008
191206s9999 xx 000 0 und d
090
_a
PE1403.TH
245
0
_a
Teaching high school composition
260
_a
Oxford University Press
260
_c
c1976
999
_c
17011
_d
17011